00476 2200193 4500001002100000005001500021008004100036020002200077035001900099041000700118082001000125090001600135100002100151700002000172245002900192260002300221300002900244650000900273INLIS00000000000267820241224112601241224||||||||| | ||| |||| || |  a978-602-7849-17-4 0010-1224002678 aid0 a745.5 a745.5 NOR k0 aNorbertus Kaleka0 aEdi Tri Hartono00aKerajinan Pelepah Pisang aSolobArcitac2013 aviii;71 hlm;14.5 x 21 cm 0aSeni